| 000 | 01589nam a2200277 i 4500 | ||
|---|---|---|---|
| 001 | 000038487 | ||
| 003 | DO-SdBNP | ||
| 005 | 20230419132520.0 | ||
| 006 | a||||fr|||| 00| 0 | ||
| 007 | ta | ||
| 008 | 130412e1977 dr ad fr 000 u spa d | ||
| 040 |
_aDO-SdBNP _bspa _cBNPHU _erda |
||
| 082 | 4 |
_222 _bA473m, 1977 |
|
| 100 | 1 |
_aÁlvarez Betancourt, Opinio _957793 |
|
| 245 | 1 | 0 |
_aMoneda y banca : _bTexto provisional / _cOpinio Álvarez Betancourt. |
| 250 | _a3a. ed. | ||
| 260 |
_aSanto Domingo : _bLa palabra, _c1977 |
||
| 300 |
_aviii, 223 páginas : _bIlustraciones, gráficas ; _c26 cm. |
||
| 336 |
_2rdaconten _atexto _btxt |
||
| 337 |
_2rdamedia _asin medición _bn |
||
| 338 |
_2rdacarrier _avolumen _bnc |
||
| 504 | _aBibliografía: página v- viii | ||
| 505 |
_gCapítulo I. _tEl dinero.-- _gCapítulo II. _tObjeto y Conceptos de la ciencia Bancaria.-- _gCapítulo III. _tLos Bancos Comerciales.-- _gCapítulo IV. _tLa Cámara de Compensación.-- _gCapítulo V. _tCreación de Depósitos y Oferta de Dinero.-- _gCapítulo VI. _tLa Banca Central.-- _gCapítulo VII. _tLos intermediarios Financieros no Monetario.-- _gCapítulo VIII. _tEl Mercado de Capitales.-- _gCapítulo IX. _tEl sistema Financiero de la República Dominicana.-- _gCapítulo X. _tObjetivos y Campo de Acción de la Teoría Monetaria.-- _gCapítulo XI. _tLa Teoría Cuantitativa del Dinero.-- _gCapítulo XII. _tTeoría Keynesiana del dinero.-- _gCapítulo XIII. _tCapítulo XIV. _gTeorías de la Inflación.-- _gCapítulo XV. _tLos Balances Bancarios y el Análisis Monetario.-- |
||
| 590 | _aInventariado 2023 / MF | ||
| 942 |
_2ddc _cLBS1 |
||
| 999 |
_c37977 _d37977 |
||